000 00765cam a2200205 a 4500
001 000006620
005 20200929153948.0
008 730115s1970 sp 001 p spa
040 _aDO-SdBNP
082 _aN861.3
_bD218M
100 1 _aMarrero, Vicente,
_d1922-2000.
_918368
245 1 0 _aNuestro Rubén /
_cVicente Marrero.
260 _aMadrid :
_bCultura Hispánica,
_c1970.
300 _a135 p. ;
_c20 cm.
586 _aPremio Rubén Darío, Sao Paulo, 1967.
600 1 0 _aDARÍO, RUBÉN,
_q(FÉLIX RUBÉN GARCÍA SARMIENTO),
_d1867-1916
_xCRÍTICA E INTERPRETACIÓN
_918369
650 4 _aPoesía nicaragüense
_xCrítica e interpretación
_918370
650 4 _aLiteratura nicaragüense
_xCrítica e interpretación
_918371
910 _aCatalogación por copia / LC
999 _c6410
_d6410